| 000 | 00536nam a2200217Ia 4500 | ||
|---|---|---|---|
| 005 | 20241129115524.0 | ||
| 008 | 241129s9999||||xx |||||||||||||| ||und|| | ||
| 020 | _a9783030358938 | ||
| 037 | _aTB | ||
| 040 |
_aSDCL _beng _cSDCL |
||
| 041 |
_aeng _2eng |
||
| 084 |
_aB313 R0 _qSDCL |
||
| 100 |
_aTriebel H. _9727650 |
||
| 245 | 0 | _aTheory of function space IV | |
| 260 |
_aNY _bBirkhauser _c2020 |
||
| 300 | _avi,160p | ||
| 365 |
_aEUR _b89.99 |
||
| 650 | _aGift | ||
| 942 |
_cTB _hB313 R0 |
||
| 999 |
_c1230798 _d1230798 |
||